Mistrzowie French Open od 2010 roku - Statystyki

Ogólne statystyki
  • Ten quiz został rozwiązany 257 razy
  • Średni wynik to 15 z 15
Statystyki odpowiedzi
Rok Zawodniczka Narodowość % Poprawnych
2023 Novak Djoković Serbia
100%
2021 Novak Djoković Serbia
100%
2016 Novak Djoković Serbia
100%
2022 Rafael Nadal Hiszpania
99%
2020 Rafael Nadal Hiszpania
99%
2019 Rafael Nadal Hiszpania
99%
2018 Rafael Nadal Hiszpania
99%
2017 Rafael Nadal Hiszpania
99%
2014 Rafael Nadal Hiszpania
99%
2013 Rafael Nadal Hiszpania
99%
2012 Rafael Nadal Hiszpania
99%
2011 Rafael Nadal Hiszpania
99%
2010 Rafael Nadal Hiszpania
99%
2024 Carlos Alcaraz Hiszpania
95%
2015 Stan Wawrinka Szwajcaria
85%
Nie znaleziono quizów pasujących do podanych kryteriów
Rozkład punktacji
Procent ludzi z każdym wynikiem
Percentyl według liczby udzielonych odpowiedzi
Twoja historia wyników
Nie rozwiązałeś tego quizu